Bengkel penyelenggaraan tatatertib : Aspek-aspek perundangan dalam tindakan tatatertib [

Bibliographic Details
Format: Book
Published: Bangi : Institut Penilaian Negara , 1989
Subjects:

MARC

LEADER 00000cam a2200000 7i4500
001 0000006122
005 20110726.0
040 |a INS 
090 0 0 |a VCD 490 
245 0 0 |a Bengkel penyelenggaraan tatatertib :   |b Aspek-aspek perundangan dalam tindakan tatatertib [  |h cakera video]   |c oleh Aziah Mohd Ali :   |b 6 Mac 1989 
260 |a Bangi :   |b Institut Penilaian Negara ,   |c 1989 
300 |a 2 cakera video (81 min.) :   |b by., wrn. ;   |c 4 3/4 in. 
500 |a Juga terdapat dalam format vhs: VHS 172 
650 0 0 |a Work ethics 
999 |a VCD0000490   |b VIDEO CD   |c Media Collection   |e Default branch